| 000 | 00386 a2200145 4500 | ||
|---|---|---|---|
| 040 |
_aDLC _bDLC |
||
| 082 | _a355.02 | ||
| 100 | _aClausewitz, Carl Von. | ||
| 245 |
_aOn War _c Carl Von, Clausewitz. |
||
| 260 |
_aKArachi: _b PAF Book Club, _c1990. |
||
| 300 |
_a348 p. ; _c 24 cm. |
||
| 500 | _aIncludes Index | ||
| 650 | _a1.War.2.Military art and science. | ||
| 942 |
_cBK _k355.02 CLA _2ddc |
||
| 999 |
_c7313 _d7313 |
||